New English file elementary : class audio CDs /

Hlavní autor: Oxenden, Clive, 1953-
Další autoři: Latham-Koenig, Christina, 1952-, Seligson, Paul
Jazyk: Angličtina
Vydáno: Oxford : Oxford University Press, 2004
Témata:
Fyzický popis: sada 3 kompaktních disků v souboru + knihy CD 17
Zvukové nahrávky
Uloženo v:
LEADER 02388nim a2200373za 4500
001 000997470
003 CZ BrMZK
005 20130719092456.0
007 sd fsngnnmmned
008 050119s2004 enk|||||||||||||| engod
020 |a 0194384306 
040 |a BOA001  |b cze 
100 1 |a Oxenden, Clive,  |d 1953-  |7 pna2005301759 
245 1 0 |a New English file  |h [zvukový záznam] :  |b elementary : class audio CDs /  |c Clive Oxenden, Christina Latham-Koenig, Paul Seligson 
260 |a Oxford :  |b Oxford University Press,  |c 2004 
300 |a sada 3 kompaktních disků v souboru +  |e knihy CD 17 
653 |a angličtina pro začátečníky 
700 1 |a Latham-Koenig, Christina,  |d 1952-  |7 xx0044122 
700 1 |a Seligson, Paul  |7 xx0051938 
910 |a BOA001  |x CD-A 135 
990 |a AM 
991 |z 000046043  |x 99 
996 7 |b 261E003499  |c CD-A 135  |d CD 1  |v 5  |l Anglická knihovna/2.patro  |r ZHR  |n 116  |h CD-A 135  |w 000997470  |u 000010  |a 0  |e BOA001  |j MZK50  |s A 
996 7 |b 261E003500  |c CD-A 135  |d CD 2  |v 5  |l Anglická knihovna/2.patro  |r ZHR  |n 113  |h CD-A 135  |w 000997470  |u 000020  |a 0  |e BOA001  |j MZK50  |s A 
996 7 |b 261E003501  |c CD-A 135  |d CD 3  |v 5  |l Anglická knihovna/2.patro  |r ZHR  |n 114  |h CD-A 135  |w 000997470  |u 000030  |a 0  |e BOA001  |j MZK50  |s A 
996 7 |b 261E004629  |c CD-A 135  |d CD 1  |v 5  |l Anglická knihovna/2.patro  |r ZHR  |n 142  |h CD-A 135  |w 000997470  |u 000040  |a 0  |e BOA001  |j MZK50  |s A 
996 7 |b 261E004630  |c CD-A 135  |d CD 2  |v 5  |l Anglická knihovna/2.patro  |r ZHR  |n 141  |h CD-A 135  |w 000997470  |u 000050  |a 0  |e BOA001  |j MZK50  |s A 
996 7 |b 261E004631  |c CD-A 135  |d CD 3  |v 5  |l Anglická knihovna/2.patro  |r ZHR  |n 142  |h CD-A 135  |w 000997470  |u 000060  |a 0  |e BOA001  |j MZK50  |s A 
996 7 |b 261E007924  |c CD-A 135  |d CD 1  |v 5  |l Anglická knihovna/2.patro  |r ZHR  |n 91  |h CD-A 135  |w 000997470  |u 000070  |a 0  |e BOA001  |j MZK50  |s A 
996 7 |b 261E007925  |c CD-A 135  |d CD 2  |v 5  |l Anglická knihovna/2.patro  |r ZHR  |n 90  |h CD-A 135  |w 000997470  |u 000080  |a 0  |e BOA001  |j MZK50  |s A 
996 7 |b 261E007926  |c CD-A 135  |d CD 3  |v 5  |l Anglická knihovna/2.patro  |r ZHR  |n 92  |h CD-A 135  |w 000997470  |u 000090  |a 0  |e BOA001  |j MZK50  |s A 
996 7 |b 261E007957  |c CD-A 135  |d CD 1  |v 5  |l Anglická knihovna/2.patro  |r ZHR  |n 93  |h CD-A 135  |w 000997470  |u 000100  |a 0  |e BOA001  |j MZK50  |s A 
996 7 |b 261E007958  |c CD-A 135  |d CD 2  |v 5  |l Anglická knihovna/2.patro  |r ZHR  |n 92  |h CD-A 135  |w 000997470  |u 000110  |a 0  |e BOA001  |j MZK50  |s A 
996 7 |b 261E007959  |c CD-A 135  |d CD 3  |v 5  |l Anglická knihovna/2.patro  |r ZHR  |n 94  |h CD-A 135  |w 000997470  |u 000120  |a 0  |e BOA001  |j MZK50  |s A